Statistics for Catalan Comarques with the Most Muncipalities

Click here to take the quiz!

General Stats

  • This quiz has been taken 12 times
  • The average score is 8 of 11

Answer Stats

#Comarca% Correct
68Alt Empordà
90%
36Baix Empordà
90%
30Bages
80%
30Noguera
80%
50Osona
80%
39Vallès Oriental
80%
30Maresme
70%
38Segrià
70%
30Baix Llobregat
50%
33Anoia
40%
31Berguedà
40%

Score Distribution

Percentile by Number Answered

Percent of People with Each Score

Your Score History

You have not taken this quiz